Death & dying, life & living / (Record no. 362323)
[ view plain ]
| 000 -LEADER | |
|---|---|
| fixed length control field | 00476nam a2200145Ia 4500 |
| 008 - FIXED-LENGTH DATA ELEMENTS--GENERAL INFORMATION | |
| fixed length control field | 191023s9999 xx 000 0 und d |
| 020 ## - INTERNATIONAL STANDARD BOOK NUMBER | |
| International Standard Book Number | 9781337563895 |
| 100 ## - MAIN ENTRY--PERSONAL NAME | |
| Personal name | Corr, Charles A. |
| 245 ## - TITLE STATEMENT | |
| Statement of responsibility, etc | Charles A. Corr, Donna M. Corr, Kenneth J. Doka.-- |
| Title | Death & dying, life & living / |
| 250 ## - EDITION STATEMENT | |
| Edition statement | 8th ed |
| 260 ## - PUBLICATION, DISTRIBUTION, ETC. (IMPRINT) | |
| Place of publication, distribution, etc | USA : |
| Name of publisher, distributor, etc | Cengage Learning |
| Date of publication, distribution, etc | 2019 |
| 300 ## - PHYSICAL DESCRIPTION | |
| Extent | xxviii, 716 pages. |
| 650 ## - SUBJECT ADDED ENTRY--TOPICAL TERM | |
| Topical term or geographic name as entry element | Bereavement -- Psychological aspects |
| 650 ## - SUBJECT ADDED ENTRY--TOPICAL TERM | |
| Topical term or geographic name as entry element | Death -- Psychological aspects |
| Withdrawn status | Lost status | Damaged status | Home library | Current library | Shelving location | Date acquired | Source of acquisition | Total Checkouts | Full call number | Barcode | Date last seen | Price effective from | Koha item type |
|---|---|---|---|---|---|---|---|---|---|---|---|---|---|
| College Library | College Library | Reserve Section | 10/23/2019 | Library Fund | BF 789.D4 .C823 2019 | C21911 | 10/23/2019 | 10/23/2019 | Books |